Which countries in the Indian Subcontinent...? - Statistics

General Stats
  • This quiz has been taken 63 times
    50 since last reset
  • The average score is 64 of 80
Answer Stats
Question Tile Select % Correct
countries that are larger than Turkey in land area: Bhutan No
95%
countries in the Indian Subcontinent that are among the 5 most populated countries in Asia: India Yes
95%
countries that are larger than Turkey in land area: Maldives No
95%
countries that are larger than Turkey in land area: Nepal No
95%
countries in the Indian Subcontinent that are among the 5 most populated countries in Asia: None of them No
95%
countries that are larger than Turkey in land area: None of them No
95%
countries that are larger than Turkey in land area: Sri Lanka No
95%
countries that are larger than Turkey in land area: Bangladesh No
93%
countries whose flag features a crescent moon: Bhutan No
93%
countries whose flag features a crescent moon: India No
93%
countries whose flag features a crescent moon: None of them No
93%
countries in the Indian Subcontinent that are among the 5 most populated countries in Asia: Bhutan No
90%
countries that own islands larger than 2,000 km2: Bhutan No
90%
countries in the Indian Subcontinent that are among the 5 most populated countries in Asia: Maldives No
90%
countries that are landlocked: Maldives No
90%
countries that own islands larger than 2,000 km2: Nepal No
90%
countries that own islands larger than 2,000 km2: Pakistan No
90%
countries whose flag features a crescent moon: Sri Lanka No
90%
countries that are landlocked: Sri Lanka No
90%
countries that are landlocked: Bangladesh No
88%
countries that have a big city named Hyderabad: Bhutan No
88%
countries that are landlocked: India No
88%
countries that have a big city named Hyderabad: Maldives No
88%
countries that have a big city named Hyderabad: Nepal No
88%
countries that are landlocked: None of them No
88%
countries where cricket is the most popular sport: None of them No
88%
countries that have a big city named Hyderabad: None of them No
88%
countries that are larger than Turkey in land area: Pakistan Yes
88%
countries that have a big city named Hyderabad: Sri Lanka No
88%
countries that have a big city named Hyderabad: Bangladesh No
85%
countries that are larger than Turkey in land area: India Yes
85%
countries where cricket is the most popular sport: India Yes
85%
countries that have a highest point of more than 8,000 metres: Maldives No
85%
countries that the largest river in the area goes through: Maldives No
85%
countries that have a highest point of more than 8,000 metres: None of them No
85%
countries that were British colonies: None of them No
85%
countries that the largest river in the area goes through: None of them No
85%
countries in the Indian Subcontinent that are among the 5 most populated countries in Asia: Pakistan Yes
85%
countries whose flag features a crescent moon: Pakistan Yes
85%
countries that are landlocked: Pakistan No
85%
countries where cricket is the most popular sport: Pakistan Yes
85%
countries that have a highest point of more than 8,000 metres: Sri Lanka No
85%
countries that the largest river in the area goes through: Sri Lanka No
85%
countries that have a highest point of more than 8,000 metres: Bangladesh No
83%
countries that were British colonies: Bangladesh Yes
83%
countries that were British colonies: India Yes
83%
countries that are landlocked: Nepal Yes
83%
countries that own islands larger than 2,000 km2: None of them No
83%
countries that were British colonies: Pakistan Yes
83%
countries that are landlocked: Bhutan Yes
80%
countries that the largest river in the area goes through: Bhutan No
80%
countries that have a big city named Hyderabad: India Yes
80%
countries that have a highest point of more than 8,000 metres: Nepal Yes
80%
countries in the Indian Subcontinent that are among the 5 most populated countries in Asia: Bangladesh Yes
78%
countries that were British colonies: Bhutan No
78%
countries where cricket is the most popular sport: Bhutan No
78%
countries in the Indian Subcontinent that are among the 5 most populated countries in Asia: Nepal No
78%
countries whose flag features a crescent moon: Bangladesh No
75%
countries where cricket is the most popular sport: Bangladesh Yes
75%
countries that the largest river in the area goes through: India Yes
75%
countries in the Indian Subcontinent that are among the 5 most populated countries in Asia: Sri Lanka No
75%
countries whose flag features a crescent moon: Maldives Yes
73%
countries that the largest river in the area goes through: Nepal No
73%
countries that own islands larger than 2,000 km2: Bangladesh No
70%
countries where cricket is the most popular sport: Maldives No
70%
countries that own islands larger than 2,000 km2: Maldives No
70%
countries that have a big city named Hyderabad: Pakistan Yes
70%
countries that own islands larger than 2,000 km2: Sri Lanka Yes
68%
countries that have a highest point of more than 8,000 metres: India Yes
65%
countries that were British colonies: Sri Lanka Yes
65%
countries that were British colonies: Nepal No
63%
countries where cricket is the most popular sport: Sri Lanka Yes
63%
countries that have a highest point of more than 8,000 metres: Pakistan Yes
60%
countries that the largest river in the area goes through: Bangladesh Yes
58%
countries that were British colonies: Maldives Yes
55%
countries that own islands larger than 2,000 km2: India Yes
45%
countries where cricket is the most popular sport: Nepal Yes
45%
countries that the largest river in the area goes through: Pakistan No
43%
countries that have a highest point of more than 8,000 metres: Bhutan No
38%
countries whose flag features a crescent moon: Nepal Yes
30%
No matching quizzes found
Score Distribution
Percent of People with Each Score
Percentile by Number Answered
Your Score History
You have not taken this quiz since the last reset